[Event "South Moravia Region-chT 2223"]
[Site "Czech Republic"]
[Date "2023.02.26"]
[Round "9.8"]
[White "Jirasko, Martin"]
[Black "Uricar, Zdenek"]
[Result "0-1"]
[WhiteElo "1529"]
[BlackElo "1837"]
[PlyCount "42"]
[EventDate "2022.10.09"]
[EventType "team-tourn"]
[EventRounds "11"]
[EventCountry "CZE"]
[SourceTitle "EXT 2024"]
[Source "ChessBase"]
[SourceDate "2023.10.10"]
[SourceVersion "1"]
[SourceVersionDate "2023.10.10"]
[SourceQuality "1"]

1. d4 Nf6 2. Bf4 d5 3. Nf3 e6 4. e3 Nbd7 5. Bd3 c5 6. c3 Be7 7. 0-0 0-0 8. a4 c4 9. Be2 Nh5 10. Bg3 Nxg3 11. hxg3 Qc7 12. b3 cxb3 13. Qxb3 b6 14. Nbd2 Nf6 15. c4 Bd7 16. Rfc1 Rfc8 17. cxd5 Qxc1+ 18. Rxc1 Rxc1+ 19. Kh2 Ng4+ 20. Kh3 Rh1+ 21. Kxg4 e5# 0-1

[Event "Stare Mesto op"]
[Site "Stare Mesto"]
[Date "2021.08.14"]
[Round "2"]
[White "Uricar, Zdenek"]
[Black "Babula, Vlastimil1111"]
[Result "1/2-1/2"]
[WhiteElo "1917"]
[BlackElo "2167"]
[PlyCount "118"]
[EventDate "2021.08.13"]
[EventType "swiss"]
[EventRounds "9"]
[EventCountry "CZE"]
[SourceTitle "CBM 203 Extra"]
[Source "ChessBase"]
[SourceDate "2021.09.30"]
[SourceVersion "1"]
[SourceVersionDate "2021.09.30"]
[SourceQuality "1"]

1. e4 c5 2. Nf3 d6 3. Bb5+ Nd7 4. d4 cxd4 5. Nxd4 a6 6. Bxd7+ Bxd7 7. 0-0 Nf6 8. Qe2 g6 9. c4 Bg7 10. Nc3 0-0 11. h3 Rc8 12. Be3 e5 13. Nb3 b5 14. cxb5 axb5 15. Qd3 b4 16. Nb5 d5 17. Bc5 Rb8 18. Nd6 Nxe4 19. Nxe4 dxe4 20. Qd2 Re8 21. Bd6 Rb5 22. Rfd1 Qh4 23. Qe2 Rb6 24. Bc7 Bb5 25. Qe1 Rbe6 26. Qxb4 Bc6 27. Qe1 Bh6 28. Nc5 e3 29. Nxe6 Rxe6 30. Bd8 Qe4 31. f3 Qc2 32. Ba5 Bf4 33. Rac1 Qxb2 34. Rb1 Qxa2 35. Ra1 Qc2 36. Rac1 Qf5 37. Qe2 Qg5 38. Be1 e4 39. Rxc6 Rxc6 40. fxe4 Qe5 41. Qd3 Rc8 42. Rb1 h5 43. Qd7 Rb8 44. Rxb8+ Qxb8 45. Qd3 Qb2 46. Kf1 Kh7 47. Qc4 Qf6 48. Ke2 h4 49. Bc3 Be5 50. Be1 Bg3 51. Bxg3 hxg3 52. Kxe3 Qf2+ 53. Kd3 Qf1+ 54. Kd4 Qd1+ 55. Ke3 Qg1+ 56. Kd3 Qf1+ 57. Kd4 Qf2+ 58. Kd3 f6 59. Qc2 Qb6 1/2-1/2

[Event "Stare Mesto op"]
[Site "Stare Mesto"]
[Date "2019.08.25"]
[Round "9"]
[White "Vrtal, Jaroslav"]
[Black "Uricar, Zdenek"]
[Result "1/2-1/2"]
[WhiteElo "2032"]
[BlackElo "1933"]
[PlyCount "20"]
[EventDate "2019.08.17"]
[EventType "swiss"]
[EventRounds "9"]
[EventCountry "CZE"]
[SourceTitle "EXT 2020"]
[Source "ChessBase"]
[SourceDate "2019.10.17"]
[SourceVersion "1"]
[SourceVersionDate "2019.10.17"]
[SourceQuality "1"]

1. Nf3 Nf6 2. g3 g6 3. Bg2 Bg7 4. 0-0 0-0 5. c4 d5 6. cxd5 Nxd5 7. d4 c6 8. Nc3 Nxc3 9. bxc3 Nd7 10. Bf4 Qa5 1/2-1/2

[Event "Stare Mesto op"]
[Site "Stare Mesto"]
[Date "2019.08.23"]
[Round "7"]
[White "Novotna, Tereza"]
[Black "Uricar, Zdenek"]
[Result "1/2-1/2"]
[WhiteElo "1837"]
[BlackElo "1933"]
[PlyCount "48"]
[EventDate "2019.08.17"]
[EventType "swiss"]
[EventRounds "9"]
[EventCountry "CZE"]
[SourceTitle "EXT 2020"]
[Source "ChessBase"]
[SourceDate "2019.10.17"]
[SourceVersion "1"]
[SourceVersionDate "2019.10.17"]
[SourceQuality "1"]

1. d4 Nf6 2. c4 e6 3. Nf3 d5 4. Nc3 c6 5. e3 Nbd7 6. Qc2 Be7 7. g4 h6 8. Rg1 Qc7 9. Bd2 dxc4 10. Bxc4 Nb6 11. Bd3 Nbd5 12. a3 Nxc3 13. Bxc3 Nd5 14. Bd2 Bd6 15. h4 e5 16. Bc4 Nb6 17. Bb3 exd4 18. Nxd4 Qe7 19. Nf5 Bxf5 20. Qxf5 g6 21. Qf3 Nd7 22. Bc3 Be5 23. Bxe5 Nxe5 24. Qe4 Nd7 1/2-1/2

[Event "Stare Mesto op"]
[Site "Stare Mesto"]
[Date "2019.08.22"]
[Round "6"]
[White "Uricar, Zdenek"]
[Black "Mikes, Jan"]
[Result "0-1"]
[WhiteElo "1933"]
[BlackElo "2386"]
[PlyCount "80"]
[EventDate "2019.08.17"]
[EventType "swiss"]
[EventRounds "9"]
[EventCountry "CZE"]
[SourceTitle "EXT 2020"]
[Source "ChessBase"]
[SourceDate "2019.10.17"]
[SourceVersion "1"]
[SourceVersionDate "2019.10.17"]
[SourceQuality "1"]

1. e4 c5 2. Nf3 Nc6 3. d4 cxd4 4. Nxd4 e5 5. Nb5 d6 6. N5c3 f5 7. exf5 Bxf5 8. Bd3 Be6 9. 0-0 d5 10. Bb5 Qh4 11. Qf3 Nf6 12. Qg3 Qxg3 13. hxg3 Bc5 14. Na4 Bd6 15. Nd2 0-0 16. Bxc6 bxc6 17. b3 Bf5 18. Bb2 Rac8 19. Rac1 c5 20. Rfe1 Rfe8 21. c4 d4 22. Ba3 e4 23. Bb2 e3 24. Nf3 exf2+ 25. Kxf2 Ne4+ 26. Kg1 Bxg3 27. Rf1 Bf4 28. Nh4 Be3+ 29. Kh2 Bxc1 30. Bxc1 Bd7 31. Nb2 Rf8 32. Re1 Nf2 33. Nf3 Rce8 34. Rxe8 Rxe8 35. Kg3 Ne4+ 36. Kf4 Nc3 37. Bd2 Ne2+ 38. Kg5 h6+ 39. Kh5 Re4 40. Kg6 Ng3 0-1

[Event "Stare Mesto op"]
[Site "Stare Mesto"]
[Date "2017.08.17"]
[Round "8"]
[White "Mikulas, Dusan"]
[Black "Uricar, Zdenek"]
[Result "1-0"]
[WhiteElo "2101"]
[BlackElo "1891"]
[PlyCount "76"]
[EventDate "2017.08.11"]
[EventType "swiss"]
[EventRounds "10"]
[EventCountry "CZE"]
[SourceTitle "CBM 180 Extra"]
[Source "ChessBase"]
[SourceDate "2017.10.06"]
[SourceVersion "1"]
[SourceVersionDate "2017.10.06"]
[SourceQuality "1"]

1. e4 c5 2. Nf3 Nc6 3. d4 cxd4 4. Nxd4 g6 5. Nc3 Bg7 6. Be3 Nf6 7. Nb3 d6 8. Be2 0-0 9. 0-0 Be6 10. f4 Qc8 11. h3 Rd8 12. Qe1 d5 13. e5 Ne4 14. Nxe4 dxe4 15. Qf2 f5 16. Rad1 b6 17. c3 Qc7 18. Kh2 Rxd1 19. Rxd1 Rd8 20. Rg1 Rf8 21. Qf1 Kh8 22. Bb5 Bf7 23. Qe2 Rd8 24. g4 Bh6 25. Bxc6 Qxc6 26. Nd4 Qc8 27. gxf5 gxf5 28. e6 Bg8 29. Qh5 Bg7 30. Rxg7 Kxg7 31. Qg5+ Kf8 32. Qxf5+ Ke8 33. Qh5+ Kf8 34. f5 Qc7+ 35. Kg2 Kg7 36. Qg4+ Kh8 37. Qxe4 Bxe6 38. Nxe6 Rg8+ 1-0

[Event "Stare Mesto op"]
[Site "Stare Mesto"]
[Date "2017.08.14"]
[Round "5"]
[White "Uricar, Zdenek"]
[Black "Mrkus, Frantisek"]
[Result "1/2-1/2"]
[WhiteElo "1891"]
[BlackElo "2090"]
[PlyCount "46"]
[EventDate "2017.08.11"]
[EventType "swiss"]
[EventRounds "10"]
[EventCountry "CZE"]
[SourceTitle "CBM 180 Extra"]
[Source "ChessBase"]
[SourceDate "2017.10.06"]
[SourceVersion "1"]
[SourceVersionDate "2017.10.06"]
[SourceQuality "1"]

1. e4 e5 2. Nf3 Nc6 3. d4 exd4 4. Nxd4 Nf6 5. Nxc6 bxc6 6. Bd3 d5 7. exd5 cxd5 8. Qe2+ Be7 9. 0-0 0-0 10. Bf4 Re8 11. Bb5 Bd7 12. Bxd7 Qxd7 13. Qd3 Bd6 14. Bxd6 Qxd6 15. Nc3 Re5 16. Rfe1 Rae8 17. Rxe5 Qxe5 18. g3 c6 19. Rd1 h6 20. b3 Re6 21. Kg2 Ne4 22. Nxe4 dxe4 23. Qe3 a5 1/2-1/2

[Event "Stare Mesto op"]
[Site "Stare Mesto"]
[Date "2015.08.15"]
[Round "2"]
[White "Uricar, Zdenek"]
[Black "Cip, Dalibor"]
[Result "0-1"]
[WhiteElo "1906"]
[BlackElo "2143"]
[PlyCount "109"]
[EventDate "2015.08.14"]
[EventType "swiss"]
[EventRounds "10"]
[EventCountry "CZE"]
[SourceTitle "EXT 2016"]
[Source "ChessBase"]
[SourceDate "2015.10.08"]
[SourceVersion "1"]
[SourceVersionDate "2015.10.08"]
[SourceQuality "1"]

1. e4 c5 2. Nf3 d6 3. Bb5+ Nd7 4. 0-0 Ngf6 5. Nc3 e5 6. a4 Be7 7. Qe2 0-0 8. d3 Nb8 9. h3 Nc6 10. Bc4 h6 11. Nd5 Re8 12. c3 Bf8 13. Nh2 Be6 14. Qf3 Nh7 15. Qg3 Kh8 16. Ng4 a6 17. Bd2 Rb8 18. Kh1 Be7 19. Nxe7 Qxe7 20. Ne3 Nf6 21. Nd5 Bxd5 22. exd5 Na5 23. Ba2 b6 24. c4 Qd7 25. b3 Qf5 26. Rfe1 Nh5 27. Qe3 Nf4 28. Qe4 Qxe4 29. dxe4 Nd3 30. Re3 Nb4 31. Bb1 Kg8 32. Rg3 Kf8 33. Kg1 Rbd8 34. Kf1 Rd7 35. Ke1 Rb8 36. Kd1 Ra7 37. f4 f6 38. Bc2 Nb7 39. h4 Rba8 40. h5 Nd8 41. Kc1 exf4 42. Bxf4 Nf7 43. Kb2 Re8 44. Re1 Ne5 45. Bb1 Kf7 46. Kc3 b5 47. a5 Rb7 48. Rge3 Ree7 49. R3e2 Ke8 50. Re3 Kd7 51. Rg3 Re8 52. Re2 bxc4 53. Bxe5 Rxe5 54. Kxc4 Nxd5 55. Rd2 0-1

[Event "CZE-chT2E 1213"]
[Site "Czech Republic"]
[Date "2012.10.14"]
[Round "1.8"]
[White "Uricar, Zdenek"]
[Black "Vavra, Michal"]
[Result "0-1"]
[WhiteElo "1990"]
[BlackElo "1993"]
[PlyCount "88"]
[EventDate "2012.10.14"]
[EventType "team-tourn"]
[EventRounds "11"]
[EventCountry "CZE"]
[SourceTitle "EXT 2016"]
[Source "ChessBase"]
[SourceDate "2015.10.08"]
[SourceVersion "1"]
[SourceVersionDate "2015.10.08"]
[SourceQuality "1"]
[WhiteTeam "Veseli nad Moravou"]
[BlackTeam "Brno Moravska Slavia"]
[WhiteTeamCountry "CZE"]
[BlackTeamCountry "CZE"]

1. e4 c5 2. Nf3 d6 3. Bb5+ Bd7 4. Bxd7+ Nxd7 5. 0-0 g6 6. d4 Bg7 7. c3 e6 8. Qe2 Ne7 9. Bg5 0-0 10. Rd1 f6 11. Be3 Qc7 12. Na3 a6 13. Rac1 b5 14. dxc5 Nxc5 15. Bf4 Rad8 16. b4 e5 17. Bd2 Ne6 18. c4 bxc4 19. Rxc4 Qb7 20. Rdc1 d5 21. exd5 Rxd5 22. Nb1 Rfd8 23. h3 Qd7 24. Kh2 Qd6 25. g3 Rd3 26. Be3 f5 27. Bc5 Nxc5 28. Rxc5 e4 29. Nfd2 Be5 30. Nf1 f4 31. Qxe4 fxg3+ 32. Kg2 Bf4 33. Re1 gxf2 34. Re2 Nf5 35. Qe6+ Qxe6 36. Rxe6 R3d4 37. Kxf2 Rxb4 38. Nc3 Rb2+ 39. Re2 Rdb8 40. Rc8+ Rxc8 41. Rxb2 Rxc3 42. Rb4 Be5 43. Re4 Bd4+ 44. Ke1 Rc1+ 0-1

[Event "Stare Mesto op"]
[Site "Stare Mesto"]
[Date "2012.08.12"]
[Round "3"]
[White "Uricar, Zdenek"]
[Black "Gasa, Andrej"]
[Result "0-1"]
[WhiteElo "2002"]
[BlackElo "2262"]
[PlyCount "130"]
[EventDate "2012.08.10"]
[EventType "swiss"]
[EventRounds "10"]
[EventCountry "CZE"]
[SourceTitle "CBM 149 Extra"]
[Source "ChessBase"]
[SourceDate "2012.08.24"]
[SourceVersion "1"]
[SourceVersionDate "2012.08.24"]
[SourceQuality "1"]

1. e4 c5 2. Nf3 a6 3. d4 cxd4 4. Nxd4 Nf6 5. Bd3 g6 6. 0-0 d6 7. c3 Bg7 8. h3 0-0 9. Qe2 Qc7 10. Be3 e5 11. Nb3 d5 12. f3 Nc6 13. N1d2 d4 14. cxd4 exd4 15. Nxd4 Nxd4 16. Bxd4 Ng4 17. e5 Nxe5 18. Rac1 Qd6 19. Bxe5 Bxe5 20. Nc4 Bd4+ 21. Kh1 Qf6 22. Be4 Rb8 23. b3 Be6 24. Rfd1 b6 25. Ne3 Rbd8 26. Nc4 Qf4 27. Bc6 b5 28. Nd2 Be3 29. Rc2 Bb6 30. Nf1 Rxd1 31. Qxd1 Rd8 32. Rd2 Rxd2 33. Qxd2 Qe5 34. Qc1 h5 35. Be4 h4 36. Nh2 Qd4 37. Bc2 f5 38. Qd1 Qe3 39. Qb1 Kg7 40. Qf1 Bc5 41. Bd3 Kf6 42. Bb1 Bd4 43. Bd3 Qf2 44. Qb1 Ke7 45. Qc1 Kf6 46. Qb1 Bc3 47. Qg1 Qxg1+ 48. Kxg1 g5 49. f4 Bd5 50. fxg5+ Kxg5 51. Nf3+ Kf4 52. Be2 Ke3 53. Kf1 Bf6 54. a4 bxa4 55. bxa4 a5 56. Ne1 Bc6 57. Bd1 Kd2 58. Bc2 f4 59. Bb3 Kc3 60. Bd1 Kc4 61. Ke2 Kb4 62. Nd3+ Ka3 63. Nc5 Bxg2 64. Nd3 Bxh3 65. Nxf4 Bg4+ 0-1

[Event "CZE-chT2E 1112"]
[Site "Czech Republic"]
[Date "2012.01.08"]
[Round "5.7"]
[White "Naplava, Pavel"]
[Black "Uricar, Zdenek"]
[Result "1/2-1/2"]
[WhiteElo "1980"]
[BlackElo "2005"]
[PlyCount "40"]
[EventDate "2011.10.09"]
[EventType "team-tourn"]
[EventRounds "11"]
[EventCountry "CZE"]
[SourceTitle "EXT 2013"]
[Source "ChessBase"]
[SourceDate "2012.11.22"]
[SourceVersion "1"]
[SourceVersionDate "2012.11.22"]
[SourceQuality "1"]
[WhiteTeam "Borsice"]
[BlackTeam "Veseli nad Moravou"]
[WhiteTeamCountry "CZE"]
[BlackTeamCountry "CZE"]

1. e4 c5 2. c4 Nc6 3. Ne2 Nf6 4. Nbc3 d6 5. d4 cxd4 6. Nxd4 g6 7. Be2 Bg7 8. Be3 0-0 9. 0-0 Bd7 10. Qd2 Nxd4 11. Bxd4 Bc6 12. f3 Nd7 13. Rfd1 Bxd4+ 14. Qxd4 Qb6 15. Nd5 Qxd4+ 16. Rxd4 Bxd5 17. exd5 Rfc8 18. Re1 Nf6 19. Bd3 Rc7 20. h3 Kf8 1/2-1/2

[Event "CZE-chT2E 1011"]
[Site "Czech Republic"]
[Date "2011.03.06"]
[Round "9.8"]
[White "Skalka, Josef"]
[Black "Uricar, Zdenek"]
[Result "0-1"]
[WhiteElo "1893"]
[BlackElo "2020"]
[PlyCount "92"]
[EventDate "2010.10.17"]
[EventType "team-tourn"]
[EventRounds "11"]
[EventCountry "CZE"]
[SourceTitle "EXT 2012"]
[Source "ChessBase"]
[SourceDate "2011.11.24"]
[SourceVersion "1"]
[SourceVersionDate "2011.11.24"]
[SourceQuality "1"]
[WhiteTeam "Borsice"]
[BlackTeam "Veseli nad Moravou"]
[WhiteTeamCountry "CZE"]
[BlackTeamCountry "CZE"]

1. e4 c5 2. c3 d5 3. exd5 Qxd5 4. d4 cxd4 5. cxd4 Nc6 6. Nf3 Bg4 7. Be2 Nf6 8. Nc3 Qd8 9. Be3 e6 10. h3 Bh5 11. 0-0 Be7 12. Ne5 Bxe2 13. Nxe2 Nxe5 14. dxe5 Qxd1 15. Rfxd1 Nd5 16. Bd4 0-0 17. Rac1 Bg5 18. Rc5 b6 19. Rb5 Rfd8 20. Nc3 Nxc3 21. bxc3 Rac8 22. Rbb1 Rc4 23. g3 h5 24. h4 Be7 25. Kf1 Kf8 26. Rd2 Ke8 27. Ke2 Rd5 28. Ke3 Ra4 29. Rbb2 b5 30. f4 a6 31. Rd3 Rc4 32. Bb6 Rxd3+ 33. Kxd3 Kd7 34. Rg2 Kc6 35. Bd4 g6 36. g4 hxg4 37. Rxg4 Ra4 38. h5 gxh5 39. Rg7 Rxa2 40. Rxf7 Bd8 41. Rf8 Kd7 42. f5 Be7 43. Rf7 Ke8 44. Rh7 exf5 45. e6 Bg5 46. c4 Rd2+ 0-1

[Event "CZE-chT2E 1011"]
[Site "Czech Republic"]
[Date "2011.02.06"]
[Round "7.8"]
[White "Stachon, Martin"]
[Black "Uricar, Zdenek"]
[Result "1-0"]
[WhiteElo "1922"]
[BlackElo "2020"]
[PlyCount "69"]
[EventDate "2010.10.17"]
[EventType "team-tourn"]
[EventRounds "11"]
[EventCountry "CZE"]
[SourceTitle "EXT 2012"]
[Source "ChessBase"]
[SourceDate "2011.11.24"]
[SourceVersion "1"]
[SourceVersionDate "2011.11.24"]
[SourceQuality "1"]
[WhiteTeam "Kromeriz"]
[BlackTeam "Veseli nad Moravou"]
[WhiteTeamCountry "CZE"]
[BlackTeamCountry "CZE"]

1. e4 c5 2. Nf3 Nc6 3. d4 cxd4 4. Nxd4 g6 5. c4 Bg7 6. Be3 d6 7. Nc3 Nf6 8. Be2 0-0 9. 0-0 Bd7 10. Qd2 Nxd4 11. Bxd4 Bc6 12. Bd3 a6 13. Rae1 Qa5 14. b4 Qd8 15. Kh1 Rc8 16. f4 e5 17. fxe5 dxe5 18. Bc5 Re8 19. Nd5 Bxd5 20. exd5 Qd7 21. Bb6 Qd6 22. Bc5 Qd7 23. Bb6 Qd6 24. Bg1 e4 25. Be2 Nd7 26. c5 Qe5 27. c6 bxc6 28. Bxa6 Rcd8 29. dxc6 Nb8 30. Qe2 Nxc6 31. Bc4 Re7 32. Bc5 Rb7 33. Qxe4 Qxe4 34. Rxe4 Ne5 35. Rfe1 1-0

[Event "CZE-chT2E 1011"]
[Site "Czech Republic"]
[Date "2011.01.23"]
[Round "6.7"]
[White "Dobes, Oldrich"]
[Black "Uricar, Zdenek"]
[Result "1/2-1/2"]
[WhiteElo "2049"]
[BlackElo "2020"]
[PlyCount "24"]
[EventDate "2010.10.17"]
[EventType "team-tourn"]
[EventRounds "11"]
[EventCountry "CZE"]
[SourceTitle "EXT 2012"]
[Source "ChessBase"]
[SourceDate "2011.11.24"]
[SourceVersion "1"]
[SourceVersionDate "2011.11.24"]
[SourceQuality "1"]
[WhiteTeam "Znojmo"]
[BlackTeam "Veseli nad Moravou"]
[WhiteTeamCountry "CZE"]
[BlackTeamCountry "CZE"]

1. e4 c5 2. Nf3 Nc6 3. d4 cxd4 4. Nxd4 g6 5. Be2 Bg7 6. Be3 Nf6 7. Nc3 0-0 8. 0-0 d5 9. exd5 Nxd5 10. Nxd5 Qxd5 11. Bf3 Qc4 12. Nxc6 bxc6 1/2-1/2

[Event "Stare Mesto op"]
[Site "Stare Mesto"]
[Date "2010.08.14"]
[Round "2"]
[White "Jurcik, Martin"]
[Black "Uricar, Zdenek"]
[Result "1-0"]
[WhiteElo "2382"]
[BlackElo "2038"]
[PlyCount "70"]
[EventDate "2010.08.13"]
[EventType "swiss"]
[EventRounds "10"]
[EventCountry "CZE"]
[SourceTitle "CBM 138 Extra"]
[Source "ChessBase"]
[SourceDate "2010.10.29"]
[SourceVersion "1"]
[SourceVersionDate "2010.10.29"]
[SourceQuality "1"]

1. e4 c5 2. Nf3 Nc6 3. d4 cxd4 4. Nxd4 g6 5. c4 Bg7 6. Nc2 d6 7. Be2 Nf6 8. Nc3 Be6 9. 0-0 0-0 10. Be3 a6 11. Rb1 Nd7 12. Nd5 Bxd5 13. exd5 Ncb8 14. Bd4 Nf6 15. Qd2 Nbd7 16. Rfe1 Re8 17. Bf1 Rc8 18. b4 Qc7 19. Ne3 Ne4 20. Qb2 Bxd4 21. Qxd4 Nef6 22. Rbc1 Qb6 23. Qd2 Ne4 24. Qb2 a5 25. a3 axb4 26. axb4 Ra8 27. Ra1 Ndf6 28. Rxa8 Rxa8 29. Ng4 Nxg4 30. Rxe4 Ne5 31. c5 Qd8 32. Re1 g5 33. h4 h6 34. hxg5 hxg5 35. Rxe5 f6 1-0

[Event "Stare Mesto op"]
[Site "Stare Mesto"]
[Date "2007.08.12"]
[Round "4"]
[White "Janko, Michal"]
[Black "Uricar, Zdenek"]
[Result "1-0"]
[WhiteElo "2134"]
[BlackElo "2028"]
[PlyCount "79"]
[EventDate "2007.08.10"]
[EventType "swiss"]
[EventRounds "10"]
[EventCountry "CZE"]
[SourceTitle "CBM 119 Extra"]
[Source "ChessBase"]
[SourceDate "2007.09.04"]
[SourceVersion "1"]
[SourceVersionDate "2007.09.04"]
[SourceQuality "1"]

1. e4 c5 2. Nf3 Nc6 3. d4 cxd4 4. Nxd4 g6 5. c4 Bg7 6. Nc2 Nf6 7. Nc3 d6 8. Be2 0-0 9. 0-0 Bd7 10. Rb1 Qc8 11. b3 Re8 12. Bb2 Bg4 13. f3 Bd7 14. Qd2 Qd8 15. Nd5 Nxd5 16. exd5 Nb8 17. Bxg7 Kxg7 18. Ne3 Qb6 19. Kh1 Na6 20. f4 f5 21. Rfc1 Rac8 22. b4 Nb8 23. c5 Qc7 24. Qd4+ Kg8 25. Bc4 Rf8 26. c6 Be8 27. Qxa7 b6 28. Qxc7 Rxc7 29. b5 Rf6 30. Bb3 Bf7 31. Rd1 h6 32. Nc4 g5 33. Nxb6 Bh5 34. Re1 gxf4 35. Bd1 Bf7 36. Bf3 e5 37. dxe6 Bxe6 38. Rxe6 Rxe6 39. Bd5 Kf7 40. Re1 1-0

[Event "Stare Mesto op"]
[Site "Stare Mesto"]
[Date "2007.08.12"]
[Round "3"]
[White "Uricar, Zdenek"]
[Black "Travnicek, Peter Jr"]
[Result "1/2-1/2"]
[WhiteElo "2028"]
[BlackElo "2161"]
[PlyCount "23"]
[EventDate "2007.08.10"]
[EventType "swiss"]
[EventRounds "10"]
[EventCountry "CZE"]
[SourceTitle "CBM 119 Extra"]
[Source "ChessBase"]
[SourceDate "2007.09.04"]
[SourceVersion "1"]
[SourceVersionDate "2007.09.04"]
[SourceQuality "1"]

1. d4 Nf6 2. c4 g6 3. Nc3 Bg7 4. g3 0-0 5. Bg2 d6 6. Nf3 c5 7. 0-0 Nc6 8. d5 Na5 9. Qd3 a6 10. Rb1 Rb8 11. b4 cxb4 12. Rxb4 1/2-1/2

[Event "Stare Mesto op"]
[Site "Stare Mesto"]
[Date "2006.08.11"]
[Round "1"]
[White "Hasangatin, Ramil"]
[Black "Uricar, Zdenek"]
[Result "1-0"]
[WhiteElo "2491"]
[BlackElo "2043"]
[PlyCount "67"]
[EventDate "2006.08.11"]
[EventType "swiss"]
[EventRounds "10"]
[EventCountry "CZE"]
[SourceTitle "CBM 113 Extra"]
[Source "ChessBase"]
[SourceDate "2006.09.14"]
[SourceVersion "1"]
[SourceVersionDate "2006.09.14"]
[SourceQuality "1"]

1. e4 c5 2. Nf3 Nc6 3. Bb5 g6 4. 0-0 Bg7 5. c3 Nf6 6. Qa4 0-0 7. d4 cxd4 8. cxd4 d6 9. Nc3 Bg4 10. d5 Ne5 11. Nxe5 dxe5 12. f3 Qb6+ 13. Kh1 a6 14. Bd3 Bd7 15. Qa3 Rfe8 16. Re1 Qf2 17. Bg5 h6 18. Rf1 Qd4 19. Ne2 Qa4 20. Qxa4 Bxa4 21. Bh4 Rac8 22. Nc3 Bd7 23. a4 Nh5 24. Rfd1 Bf8 25. Bf1 Red8 26. Bf2 Re8 27. a5 Ng7 28. Ra3 e6 29. Rb3 exd5 30. exd5 Rc7 31. d6 Be6 32. dxc7 Bxb3 33. Rd8 Be6 34. Nd5 1-0

[Event "CZE-ch Juniors op-A"]
[Site "Zlate Hory"]
[Date "2006.03.18"]
[Round "9"]
[White "Novy, Vaclav"]
[Black "Uricar, Zdenek"]
[Result "1/2-1/2"]
[WhiteElo "2057"]
[BlackElo "2031"]
[PlyCount "33"]
[EventDate "2006.03.11"]
[EventType "swiss"]
[EventRounds "9"]
[EventCountry "CZE"]
[SourceTitle "EXT 2008"]
[Source "ChessBase"]
[SourceDate "2007.11.25"]
[SourceVersion "1"]
[SourceVersionDate "2007.11.25"]
[SourceQuality "1"]

1. e4 e5 2. Nf3 Nc6 3. Bc4 Nf6 4. d4 exd4 5. e5 Ne4 6. 0-0 Be7 7. Re1 d5 8. Bb5 0-0 9. Bxc6 bxc6 10. Nxd4 Qd7 11. Nc3 Nxc3 12. bxc3 Bc5 13. Nb3 Be7 14. Be3 Re8 15. Bd4 Qf5 16. Re3 Be6 17. Qd3 1/2-1/2

[Event "CZE-ch Juniors op-A"]
[Site "Zlate Hory"]
[Date "2006.03.17"]
[Round "8"]
[White "Vlcek, Marek"]
[Black "Uricar, Zdenek"]
[Result "0-1"]
[WhiteElo "1873"]
[BlackElo "2031"]
[PlyCount "60"]
[EventDate "2006.03.11"]
[EventType "swiss"]
[EventRounds "9"]
[EventCountry "CZE"]
[SourceTitle "EXT 2008"]
[Source "ChessBase"]
[SourceDate "2007.11.25"]
[SourceVersion "1"]
[SourceVersionDate "2007.11.25"]
[SourceQuality "1"]

1. d3 d5 2. Nf3 c5 3. g3 Nc6 4. Bg2 g6 5. 0-0 Bg7 6. Nbd2 Nf6 7. c4 0-0 8. Re1 Bg4 9. cxd5 Nxd5 10. Ne4 b6 11. a3 Qd7 12. Qa4 Rac8 13. Neg5 h6 14. h3 Bxf3 15. Nxf3 Rfd8 16. Rb1 e6 17. Bd2 Qe7 18. Rec1 Kh7 19. b4 Nd4 20. Nxd4 cxd4 21. b5 Nc3 22. Bxc3 Rxc3 23. Rxc3 dxc3 24. Qb3 Qc5 25. Rc1 Bd4 26. Kf1 Bxf2 27. Rxc3 Qf5 28. Be4 Qf6 29. Bf3 Bxg3 30. a4 Qd4 0-1

[Event "CZE-ch Juniors op-A"]
[Site "Zlate Hory"]
[Date "2006.03.16"]
[Round "7"]
[White "Uricar, Zdenek"]
[Black "Vanka, Miloslav"]
[Result "0-1"]
[WhiteElo "2031"]
[BlackElo "2247"]
[PlyCount "96"]
[EventDate "2006.03.11"]
[EventType "swiss"]
[EventRounds "9"]
[EventCountry "CZE"]
[SourceTitle "EXT 2008"]
[Source "ChessBase"]
[SourceDate "2007.11.25"]
[SourceVersion "1"]
[SourceVersionDate "2007.11.25"]
[SourceQuality "1"]

1. e4 c5 2. Nf3 e6 3. d4 cxd4 4. Nxd4 a6 5. Be2 Qc7 6. 0-0 Nf6 7. Bf3 Nc6 8. Nxc6 dxc6 9. Be3 e5 10. c4 Be6 11. Qe2 Be7 12. Rd1 0-0 13. Nd2 Rfd8 14. b3 Bb4 15. Nf1 Bc3 16. Rxd8+ Rxd8 17. Rd1 Bd4 18. Bg5 Qe7 19. Ng3 h6 20. Bxf6 Qxf6 21. Qc2 Qh4 22. Rd2 g6 23. Nf1 Kg7 24. Kh1 h5 25. g3 Qf6 26. Qd1 Rh8 27. Kg2 Qe7 28. Qe2 Rd8 29. Qd1 Rd7 30. Qe2 f6 31. Qd1 Qf7 32. Qe2 b5 33. cxb5 cxb5 34. Rc2 Rc7 35. Rxc7 Qxc7 36. Ne3 Bxe3 37. Qxe3 Bf7 38. Qd2 a5 39. b4 a4 40. Be2 Qc6 41. f3 a3 42. h4 Be6 43. Kh2 Qd7 44. Qc2 Bf7 45. Qc5 Qd2 46. Qxb5 Bxa2 47. Kg1 Bf7 48. Bc4 Qc1+ 0-1

[Event "CZE-ch Juniors op-A"]
[Site "Zlate Hory"]
[Date "2006.03.15"]
[Round "6"]
[White "Uricar, Zdenek"]
[Black "Havlik, Jindrich"]
[Result "1/2-1/2"]
[WhiteElo "2031"]
[BlackElo "1862"]
[PlyCount "66"]
[EventDate "2006.03.11"]
[EventType "swiss"]
[EventRounds "9"]
[EventCountry "CZE"]
[SourceTitle "EXT 2008"]
[Source "ChessBase"]
[SourceDate "2007.11.25"]
[SourceVersion "1"]
[SourceVersionDate "2007.11.25"]
[SourceQuality "1"]

1. e4 e6 2. d4 d5 3. Nd2 Nf6 4. e5 Nfd7 5. Bd3 c5 6. c3 Nc6 7. Ne2 cxd4 8. cxd4 f6 9. exf6 Nxf6 10. Nf3 Bd6 11. 0-0 Qc7 12. Bg5 0-0 13. Bh4 Nh5 14. Rc1 Bd7 15. Bg3 Nxg3 16. Nxg3 Bf4 17. Rc3 Be8 18. Re1 Qf7 19. Qe2 Bd7 20. a3 g6 21. Nf1 Qg7 22. Rd1 e5 23. dxe5 Bg4 24. Bb5 Bxf3 25. Rxf3 Nxe5 26. Rc3 Rad8 27. g3 Bh6 28. f4 Nf7 29. Rc7 g5 30. f5 Qf6 31. Rxb7 Nd6 32. Rxa7 Nxf5 33. Ra4 Kh8 1/2-1/2